01347nam a22003134a 4500001001200000003000800012006001900020007001500039008004100054010001700095020004000112040002100152035002100173043001200194050002500206082002600231100002000257245021100277260006000488300003800548504004100586533015200627650004400779655002900823700002100852710001700873856012600890999001701016ebr10229500CaPaEBRm u cr cn|||||||||040203s2004 ne a sb 000 0 eng  z 2004002306 z0124643515 (hardcover : alk. paper) aCaPaEBRcCaPaEBR a(OCoLC)162575094 an-us-ca14aRC277.C3bM33 2004eb04a615.5/999/09794932221 aMack, Thomas M.10aCancers in the urban environmenth[electronic resource] :bpatterns of malignant disease in Los Angeles County and its neighborhoods /cThomas M. Mack ; with the assistance of Myles Cockburn, ... [et al.]. aDordrecht ;aBoston :bElsevier Academic Press,cc2004. aviii, 645 p. :bill. (some col.). aIncludes bibliographical references. aElectronic reproduction.bPalo Alto, Calif. :cebrary,d2013.nAvailable via World Wide Web.nAccess may be limited to ebrary affiliated libraries. 0aCancerzCaliforniazLos Angeles County. 7aElectronic books.2local1 aCockburn, Myles.2 aebrary, Inc.40uhttp://site.ebrary.com/lib/rucke/Doc?id=10229500zAn electronic book accessible through the World Wide Web; click to view c38984d38984